| 000 | 01908nam a2200301Ia 4500 | ||
|---|---|---|---|
| 999 |
_c52694 _d52694 |
||
| 001 | 19719 | ||
| 003 | GE_BSU | ||
| 005 | 20200407213555.0 | ||
| 008 | 181216s2015||||ge |||||||||||||| ||geo|| | ||
| 020 | _aISBN 978-9941-22-691-5 | ||
| 040 | _cGE_BSU | ||
| 041 | _ageo | ||
| 080 | _a811.353.1'36 ჭ–97 | ||
| 100 |
_aჭყონია, ნოდარ _97852 |
||
| 245 |
_aრედუპლიკაცია სიტყვათწარმოების უმნიშვნელოვანესი ხერხი ენაში : _bწიგნი განკუთვნილია ფართო მასებისათვის - ყველა იმათთვის, ვისაც უყვარს მშობლიური ენა, "ვეფხისტყაოსანი", პოეზია და პროზა, ვისთვისაც წიგნი ცხოვრების თანამგზავრია / _cნოდარ ჭყონია, ცირა ჭყონია, ლიანა ჭყონია ; რედ. მამია ფაღავა. |
||
| 264 |
_aთბილისი : _bუნივერსალი, _c2015. |
||
| 300 |
_a311 გვ. ; _c21 სმ. |
||
| 504 | _aბიბლიოგრ. გვ. :300-305 | ||
| 653 | _aქართული ენა | ||
| 653 | _aთურქული ენა | ||
| 653 | _aრუსული ენა | ||
| 653 | _aინგლისური ენა | ||
| 700 |
_aჭყონია, ცირა _eავტორი _97867 |
||
| 700 |
_a ჭყონია, ლიანა _eავტორი _97868 |
||
| 700 |
_aფაღავა, მამია _eრედაქტორი _97869 |
||
| 710 |
_aბათუმის შოთა რუსთაველის სახელმწიფო უნსტიტუტი _97870 |
||
| 942 |
_cBK _2udc |
||